00457 2200181 4500001002100000005001500021035002000036008004100056245004700097100002200144250000600166260004400172300001100216084001400227082000800241650001400249990001200263INLIS00000000000023820240502023708 a0010-0424000214240502 0 ind 1 aAyo, Mengukur Kelajuan /cAlanna Faradiana aFaradiana, Alanna a1 aSurabaya :bCV. Graha Ilmu Mulia,c2009 a29 hlm a500 ALA a a500 4aNon Fiksi a0732416